Регионална библиотека "Любен Каравелов" - Русе

Тангра : Т. 1 (Запис номер 164517)

MARC детайли
000 -Лидер
Контролно поле с фиксирана дължина 01659nam a2200397 c 4500
003 - Код на организацията, давaща контролен номер
Контролно поле BLK
005 - Дата и час на последна редакция
Контролно поле 20250509122749.0
008 - Елементи от данни с фиксирана дължина
fixed length control field 180410b bul|||||r ||||||| ||bul||
010 ## - Наследен системен номер
LC control number KNG00172031000
020 ## - Международен стандартен номер на книга ISBN
Международен стандартен номер на книга ISBN 978-954-317-161-3
040 ## - Източник на каталожния запис
Идентификатор на билиотеката - собственик на записа BLK
041 ## - Код за език
Код за езика на текст/звукозапис или на отделно заглавие Български
Код за езика КДБФ Български
072 #7 - Код за тематичната категория
Код организация bullib
Код за тематична категория Н84
Текст Българска художествена литература Н
080 ## - УДК
Текстов определител УДК Българска литература
УДК код - определител по УДК 821.163.2
УДК определител -311.6
УДК - код + определител 821.163.2-311.6
100 1# - Редна дума - Автор
Автор Токораз Исто
Авторска отговорност първи автор
R(LIN) 129866
139 ## - Редно поле
Редна дума Цветкашки, Стоян Любомиров
Авторски знак Цветк - Ц 34
245 10 - Сведения за заглавието
Заглавие Тангра : Т. 1
Подзаглавни данни Бълг. ист. роман : Т. 1 -
Редно поле (дума) Токораз Исто; * Стоян Любомиров Цветкашки.
Том Т. 1
Заглавие на том Тохол
250 ## - Област на изданието
Сведения за изданието 2. изд.
257 ## - Страна на издаване
Страна на създаване/издаване България
260 ## - Област на издателските данни
Година на издаване 2012 -
Печатница Пловдив : студио Пиксел
300 ## - Физическа характеристика
Размери/Мащаб 20 см
380 ## - Жанр
Жанр Худож. лит.
500 ## - Общи забележки
Забележка 1. изд. 2012 на изд. ИМН. - Токораз Исто - псевд. на Стоян Любомиров Цветкашки.
653 ## - Ключова дума – ненормативна
Ключова дума исторически романи
659 ## - Тематичен бюлетин
Тематичен бюлетин Н
700 ## - Други автори (авторска отговорност)
Лично име Цветкашки, Стоян Любомиров
Дати, свързани с автора 1968 -
9 (RLIN) 285269
760 1# - Описание на основната серия
Редна дума на основното описание Токораз Исто
Издание 2. изд.
Място на издаване, издател и година Оренда, 2012
Страници - том 664 с.
Заглавие Т. 1 Тохол
852 ## - Местоположение
Форматна сигнатура Цб 318150
Фондова буква Хранилище
856 4# - Електронен адрес и достъп
Електронен формат pdf - файл
Инструкция (цена за достъп) 0.00
Права за достъп disable
856 4# - Електронен адрес и достъп
Електронен формат pdf - файл
Инструкция (цена за достъп) 0.00
Права за достъп disable
999 ## - СИСТЕМНИ КОНТРОЛНИ НОМЕРА
Koha biblionumber 164517
Koha biblioitemnumber 164517
942 ## - АРТИКУЛИ
Вид на библиотечния материал Книги
Скрит в OPAC Не
Koha issues (borrowed), all copies 74
Периодичен библиозапис Да
944 ## - СЪЗДАВАНЕ И РЕДАКЦИЯ на ЗАПИСА
Създаване/Редакция Създаване
Дата на регистрацията/редакция 24.02.2015
Статус, дата на статуса Русанова Ирена
Служител, извършил регистрацията/редакцията 30542
944 ## - СЪЗДАВАНЕ И РЕДАКЦИЯ на ЗАПИСА
Създаване/Редакция Редакция
Дата на регистрацията/редакция 03.07.2015
Статус, дата на статуса ф /
Служител, извършил регистрацията/редакцията Людмила_Стоянова
999 ## - СИСТЕМНИ КОНТРОЛНИ НОМЕРА
Koha biblioitemnumber 164517
999 ## - СИСТЕМНИ КОНТРОЛНИ НОМЕРА
Koha biblioitemnumber 164517
Наличности
Код за отписване Код за изгубен артикул Източник на класификационната схема Код за повреда Коз за рестрикции Код за отдаване Артикулен № Име на библиотеката - собственик Име на библиотеката, в която се намира в момента Статус (Текущо местоположение) Дата на вписване в системата Местоположение - отдел Цена в лева Инвентарен номер Систематично азбучна сигнатура Баркод Номер на екземпляра Цена в евро Служебна бележка Служебен тип на артикула
Изтеглен Не е изгубен Universal Decimal Classification Не е повреден без рестрикции заемане за дома 276591 Регионална библиотека "Любен Каравелов" Русе Регионална библиотека "Любен Каравелов" Русе Заемна - подръчен фонд 2015-02-25 Заемна - подръчен фонд 22.00 120000785792 П 886.7-31/Ц 34 120000785792 1 11.25 Дост: Pk Вид: Ф N: 426 Дата: 23.02.2015 Дата инв: 28.02.2018 Бележки инв: П2018 Книги
Изтеглен Не е изгубен Universal Decimal Classification Не е повреден без рестрикции заемане за дома 276592 Регионална библиотека "Любен Каравелов" Русе Регионална библиотека "Любен Каравелов" Русе Заемна - подръчен фонд 2015-06-23 Заемна - подръчен фонд 22.00 120000788972 П 886.7-31/Ц 34 120000788972 2 11.25 Дост: Pk Вид: Ф N: 436 Дата: 19.06.2015 Бележки инв: П2018 Книги
  Не е изгубен Universal Decimal Classification Не е повреден без рестрикции заемане за дома 751563 Регионална библиотека "Любен Каравелов" Русе Регионална библиотека "Любен Каравелов" Русе Заемна - подръчен фонд 2019-12-12 Заемна - подръчен фонд 18.00   П 821.163.2-31/Т 65 120000839691   9.20   Книги
  Не е изгубен Universal Decimal Classification Не е повреден без рестрикции заемане за дома 751564 Регионална библиотека "Любен Каравелов" Русе Регионална библиотека "Любен Каравелов" Русе Заемна - подръчен фонд 2019-12-12 Заемна - подръчен фонд 18.00   П 821.163.2-31/Т 65 120000839692   9.20   Книги
  Не е изгубен Universal Decimal Classification Не е повреден без рестрикции заемане за дома 751565 Регионална библиотека "Любен Каравелов" Русе Регионална библиотека "Любен Каравелов" Русе Дубликат 2019-12-12 Заемна - подръчен фонд 18.00   П 821.163.2-31/Т 65 120000839690   9.20   Книги
  Не е изгубен Universal Decimal Classification Не е повреден само за читалня ползва се в читалня 928973 Регионална библиотека "Любен Каравелов" Русе Регионална библиотека "Любен Каравелов" Русе Хранилище 2023-05-23 Основен фонд - ползва се само за читалня 22.00 120000888175 Цб 318150 120000888175   11.25   Книги
Vip Innovations Ltd, Rousse, Bulgaria 2025